The economics of the common market. / (Record no. 5701)

MARC details
000 -LEADER
fixed length control field 00773nam a22001577a 4500
008 - FIXED-LENGTH DATA ELEMENTS--GENERAL INFORMATION
fixed length control field 150813b xxu||||| |||| 00| 0 eng d
050 ## - LIBRARY OF CONGRESS CALL NUMBER
Classification number HC241.2.S92
100 ## - MAIN ENTRY--PERSONAL NAME
Personal name Swan, Dennis.
245 ## - TITLE STATEMENT
Title The economics of the common market. /
Statement of responsibility, etc. Dennis Swann
250 ## - EDITION STATEMENT
Edition statement 3rd
260 ## - PUBLICATION, DISTRIBUTION, ETC.
Place of publication, distribution, etc. Britain.
Name of publisher, distributor, etc. C.Nicholls and co.ltd.
Date of publication, distribution, etc. 1975.
300 ## - PHYSICAL DESCRIPTION
Extent 267p.:
Other physical details includes diagrams
Dimensions 19cm.
500 ## - GENERAL NOTE
General note Includes index.
505 ## - FORMATTED CONTENTS NOTE
Formatted contents note Contents: The Evolution of the European economic community -- The Decision-Making institutions -- Tariff barriers and the customs union -- Non-tariff barriers -- Factor movements -- Common policies -- Regional and social policy -- Macro-economic.medium-term and industrial policy -- The Renegotiation issue -- References -- Further reading.
942 ## - ADDED ENTRY ELEMENTS (KOHA)
Source of classification or shelving scheme Library of Congress Classification
Koha item type Books
Holdings
Withdrawn status Lost status Source of classification or shelving scheme Damaged status Not for loan Home library Current library Shelving location Date acquired Total Checkouts Full call number Barcode Date last seen Price effective from Koha item type
    Library of Congress Classification     WISCONSIN INTERNATIONAL UNIVERSITY COLLEGE, GHANA - MAIN LIBRARY WISCONSIN INTERNATIONAL UNIVERSITY COLLEGE, GHANA - MAIN LIBRARY Law Library 13/08/2015   HC241.2.S92 174/15 13/08/2015 13/08/2015 Books

If you have any concerns or questions; kindly contact the library


© Powered by WIUC ICT DIRECTORATE